Countries with Greatest Population Growth - Statistics

General Stats
  • This quiz has been taken 19 times
  • The average score is 21 of 28
Answer Stats
Answer % Correct
Democratic Republic of the Congo
100%
Niger
100%
Nigeria
100%
Uganda
94%
Republic of the Congo
89%
Rwanda
89%
Somalia
89%
Cameroon
83%
Chad
83%
Tanzania
83%
Angola
78%
Ethiopia
78%
Mali
78%
Mozambique
78%
Senegal
78%
Zambia
78%
Benin
72%
Burkina Faso
72%
Burundi
72%
Gambia
72%
Guinea
72%
Madagascar
72%
Malawi
72%
Mauritania
67%
Gabon
61%
Ivory Coast
56%
Oman
22%
Bahrain
17%
No matching quizzes found
Score Distribution
Percent of People with Each Score
Percentile by Number Answered
Your Score History
You have not taken this quiz